01002nmc a2200349 a 4500003000900000005001700009008004100026020001800067040001300085245003000098250001200128260003200140300001600172490005700188521001000245650002000255650002400275650003300299650003100332650002200363653002500385653003400410653002700444653002300471653002700494700002100521700001900542700002000561700002600581700002300607700002200630AR-BaBNM20251128211141.0033020s2000 ||||||||||||||000 | spa|| a950-16-5301-3 cAR-BaBNM10aSer humano. Libro primero a1ª ed. aBuenos AiresbTroquelc20000 a155 p.bil. 0aSer humano. Programa Troquel de educación integral aEGB 1 4aLIBROS DE TEXTO 4aCURRICULO INTEGRADO 4aCURRICULO TRANSDISCIPLINARIO 4aACTIVIDADES DE APRENDIZAJE 4aJUEGOS EDUCATIVOS 0aEDUCACION EN VALORES 0aEDUCACION PARA LA CONVIVENCIA 0aESTRATEGIAS EDUCATIVAS 0aEDUCACION PRIMARIA 0aPRIMER CICLO DE LA EGB1 aGuibourg, Flavia1 aDeni, Graciela1 aBalza, Federico1 aMartínez, Alejandra1 aSztamfater, Andrea1 aCaironi, Graciela